Introduction to the algae : structure and reproduction
Αποθηκεύτηκε σε:
| Κύριος συγγραφέας: | |
|---|---|
| Άλλοι συγγραφείς: | |
| Μορφή: | Βιβλίο |
| Γλώσσα: | English |
| Δημοσίευση: |
Englewood Cliffs :
Prentice-Hall,
c1985
|
| Έκδοση: | 2nd ed. |
| Θέματα: | |
| Ετικέτες: |
Προσθήκη ετικέτας
Δεν υπάρχουν, Καταχωρήστε ετικέτα πρώτοι!
|
MARC
| LEADER | 00000pam a2200000 i 4500 | ||
|---|---|---|---|
| 001 | 1/76903 | ||
| 008 | 940907s1985 eng d | ||
| 020 | |a 0-13-477746-8 | ||
| 035 | |l 10004139 | ||
| 040 | |a GR-MY-UA |b gre |e aacr | ||
| 041 | 0 | |a eng | |
| 082 | 0 | |a 589.3 | |
| 100 | 1 | |a Bold, Harold Charles |d 1909- | |
| 245 | 1 | 0 | |a Introduction to the algae : |b structure and reproduction / |c Harold C. Bold; Michael J. Wynne |
| 250 | |a 2nd ed. | ||
| 260 | |a Englewood Cliffs : |b Prentice-Hall, |c c1985 | ||
| 300 | |a xvi, 720 σ.; |b εικ.; |c 25 εκ. | ||
| 504 | |a Περιέχει βιβλιογραφικές παραπομπές (σ. 662-706) και ευρετήριο | ||
| 650 | 0 | 0 | |a Algology. |
| 650 | 0 | 0 | |a Algae |x Anatomy. |
| 650 | 0 | 0 | |a Algae |x Reproduction. |
| 700 | 1 | |a Wynne, Michael James. | |
| 852 | |a INST |b LESVOS |e 19940907 |h 589.3 BOL |p 005100003715 |q 005100003715 |t BK |y 0 | ||
| 909 | |a Λ |b 005139 | ||